000 00891nam a22002777a 4500
001 7123
003 FISKH
005 20250624140450.0
008 250624b cb ||||| |||| 00| 0 eng d
020 _a9780439417815
040 _aFISKH
_beng
_cFISKH
_dFISKH
050 _aTH9148 .M24
082 _a628.92
100 _aMaass, Robert
245 _aFire fighters /
_cby Robert Maass
260 _aNew York :
_bScholastic ,
_c1989.
300 _a32 unnumbered pages :
_bcolor illustrations ;
_c26 cm .
505 _aM
520 _aDescribes what it means to be a firefighter, including life at the firehouse, practice drills, service to the community, and fire emergencies.
521 8 _a530
_bLexile estimate
521 8 _aM
_bRaz-Plus
650 _aFire safety
_vNon-fiction
650 _aFire extinction
_vNon-fiction
942 _2ddc
_cBK
_n0
999 _c7123
_d7123